000 00341nam a2200145Ia 4500
005 20251222152018.0
008 251222s9999||||xx |||||||||||||| ||spa||
020 _a9788466636216
082 _a863/S17
100 _aSalisachs, Mercedes
245 0 _aEntre la Sombra y la Luz
250 _a1ra.ed.
264 _bEdiciones.B.
942 _cLIB
999 _c25181
_d25181